NLSUI OPAC header image

International environmental law (Record no. 32019)

MARC details
000 -LEADER
fixed length control field 00420nam a2200157Ia 4500
008 - FIXED-LENGTH DATA ELEMENTS--GENERAL INFORMATION
fixed length control field 160316s2011 xxu||||| |||| 00| 0 eng d
082 ## - DEWEY DECIMAL CLASSIFICATION NUMBER
Classification number 341.762000
Item number BEY
100 ## - MAIN ENTRY--PERSONAL NAME
Personal name Beyerlin Ulrich
245 ## - TITLE STATEMENT
Title International environmental law
250 ## - EDITION STATEMENT
Edition statement
260 ## - PUBLICATION, DISTRIBUTION, ETC.
Place of publication, distribution, etc. London
Name of publisher, distributor, etc. Hart Publishing Company
Date of publication, distribution, etc. 2011
300 ## - PHYSICAL DESCRIPTION
Extent 452p
Other physical details
Dimensions xxi
365 ## - TRADE PRICE
Price amount Rs. 2,972
650 ## - SUBJECT ADDED ENTRY--TOPICAL TERM
Topical term or geographic name entry element 1. Environmental Law - International
700 ## - ADDED ENTRY--PERSONAL NAME
Personal name
--
Holdings
Withdrawn status Lost status Damaged status Not for loan Home library Current library Shelving location Date acquired Cost, normal purchase price Total Checkouts Total Renewals Full call number Barcode Date last seen Date last checked out Price effective from Koha item type
        . .   30.05.2017 2972.00 3 2 341.762 BEY 28960 31.12.2024 24.12.2024 30.05.2017 BOOKs